Computer literacy : (Record no. 860)
[ view plain ]
| 000 -LEADER | |
|---|---|
| fixed length control field | 00761nam a22002057a 4500 |
| 008 - FIXED-LENGTH DATA ELEMENTS--GENERAL INFORMATION | |
| fixed length control field | 160201b xxu||||| |||| 00| 0 eng d |
| 020 ## - INTERNATIONAL STANDARD BOOK NUMBER | |
| International Standard Book Number | 9781285766584 |
| 082 ## - DEWEY DECIMAL CLASSIFICATION NUMBER | |
| Edition number | 2015 |
| Classification number | DK12 004 |
| Item number | M878 |
| 100 ## - MAIN ENTRY--PERSONAL NAME | |
| 9 (RLIN) | 2357 |
| Personal name | Morrison, Connie. |
| 245 ## - TITLE STATEMENT | |
| Title | Computer literacy : |
| Remainder of title | a comprehensive guide to IC3 / |
| Statement of responsibility, etc. | Connie Morrison, Dolores Wells and Lisa Ruffolo. |
| 250 ## - EDITION STATEMENT | |
| Edition statement | 5th edition |
| 260 ## - PUBLICATION, DISTRIBUTION, ETC. (IMPRINT) | |
| Place of publication, distribution, etc. | Australia : |
| Name of publisher, distributor, etc. | Cengage Learning ; |
| Date of publication, distribution, etc. | 2015 |
| 300 ## - PHYSICAL DESCRIPTION | |
| Extent | xiii, various pagings : |
| Other physical details | color illustrations ; |
| Dimensions | 28 cm. |
| 500 ## - GENERAL NOTE | |
| General note | Includes index. |
| 650 #0 - SUBJECT ADDED ENTRY--TOPICAL TERM | |
| 9 (RLIN) | 2359 |
| Topical term or geographic name as entry element | Electronic data processing personnel |
| Form subdivision | Certification. |
| 650 #0 - SUBJECT ADDED ENTRY--TOPICAL TERM | |
| 9 (RLIN) | 2361 |
| Topical term or geographic name as entry element | Computer literacy |
| General subdivision | Examinations |
| 700 ## - ADDED ENTRY--PERSONAL NAME | |
| 9 (RLIN) | 2362 |
| Personal name | Wells, Dolores, jt.au. |
| 700 ## - ADDED ENTRY--PERSONAL NAME | |
| 9 (RLIN) | 2364 |
| Personal name | Ruffolo, Lisa, jt.au. |
| 942 ## - ADDED ENTRY ELEMENTS (KOHA) | |
| Source of classification or shelving scheme | Dewey Decimal Classification |
| Koha item type | Circulation |
| Withdrawn status | Lost status | Source of classification or shelving scheme | Damaged status | Not for loan | Collection code | Home library | Current library | Date acquired | Source of acquisition | Total Checkouts | Full call number | Barcode | Date last seen | Date last checked out | Copy number | Price effective from | Koha item type |
|---|---|---|---|---|---|---|---|---|---|---|---|---|---|---|---|---|---|
| Dewey Decimal Classification | K-12 | UM Digos College - LIC | UM Digos College - LIC | 08/12/2015 | Purchased | 2 | DK12 004 M878 2015 | 23046 | 05/15/2025 | 06/28/2016 | 1 | 02/01/2016 | Circulation |
